Global manager - príprava vysokoškolských študentov na podnikanie v globálnom prostredí záverečná správa projektu Mladá veda č. 2330264 : doba riešenia apríl 2012 - december 2012
Saved in:
| Main Author: | |
|---|---|
| Corporate Author: | |
| Other Authors: | , , , , , |
| Format: | Book |
| Language: | Slovak |
| Published: |
Košice
2013
|
| Subjects: | |
| Tags: |
No Tags, Be the first to tag this record!
|
MARC
| LEADER | 00000nam a2200000 4500 | ||
|---|---|---|---|
| 001 | 0165214 | ||
| 005 | 20240614080522.9 | ||
| 041 | 0 | |a slo | |
| 044 | |a SK | ||
| 245 | 1 | 0 | |a Global manager - príprava vysokoškolských študentov na podnikanie v globálnom prostredí |b záverečná správa projektu Mladá veda č. 2330264 : doba riešenia apríl 2012 - december 2012 |c vedúci projektu Patrycja Pudło |
| 264 | 1 | |a Košice |c 2013 | |
| 300 | |a 66 s. | ||
| 610 | 2 | 0 | |a vzdelávanie vysokoškolské |
| 610 | 2 | 0 | |a vyučovanie |
| 610 | 2 | 0 | |a podnikanie medzinárodné |
| 610 | 2 | 0 | |a simulácia |
| 100 | 1 | |a Pudło, Patrycja | |
| 700 | 1 | |a Stankovič, Lýdia | |
| 700 | 1 | |a Pčolinská, Lenka | |
| 700 | 1 | |a Fabinyová, Radka, 1986- | |
| 700 | 1 | |a Beslerová, Stela | |
| 700 | 1 | |a Bašistová, Alena | |
| 700 | 1 | |a Gavurová, Beáta, 1972- | |
| 710 | 2 | |a Ekonomická univerzita v Bratislave. Podnikovohospodárska fakulta so sídlom v Košiciach | |